000 00259nam a22001097a 4500
008 240610b |||||||| |||| 00| 0 eng d
100 _aGangaram, M.K.
_915226
245 _aSadachar-1968
260 _aBombay :
_bSadachar Pub;
_c1968
300 _a-
942 _cBK
999 _c39479
_d39479